LIBRARY & INFORMATION CENTRE, KCAET, TAVANUR

ONLINE PUBLIC ACCESS CATALOGUE (OPAC)

Development and evaluation of a solar powered automated fertigation system (Record no. 15124)

MARC details
000 -LEADER
fixed length control field 00703nam a22001817a 4500
003 - CONTROL NUMBER IDENTIFIER
control field OSt
088 ## - REPORT NUMBER
Report number T 345
100 ## - MAIN ENTRY--AUTHOR NAME
Personal name ANJALY C. SUNNY
245 ## - TITLE STATEMENT
Title Development and evaluation of a solar powered automated fertigation system
260 ## - PUBLICATION, DISTRIBUTION, ETC. (IMPRINT)
Place of publication tavanur 2016
Name of publisher DEPARTMENT OF LAND AND WATER RESOURCES CONSERVATION ENGINEERING
300 ## - PHYSICAL DESCRIPTION
Number of Pages 94
500 ## - GENERAL NOTE
General note Development and evaluation of a solar powered automated fertigation system
520 ## - SUMMARY, ETC.
Summary, etc Development and evaluation of a solar powered automated fertigation system
700 ## - ADDED ENTRY--PERSONAL NAME
Personal name Dr. Abdul Hakkim V. M (Guide)
856 ## - ELECTRONIC LOCATION AND ACCESS
Uniform Resource Identifier https://drive.google.com/open?id=1gUc1VtKHaHwaAzzREdaRqj6KoMlXn5HT
942 ## - ADDED ENTRY ELEMENTS (KOHA)
Koha item type Theses
Holdings
Collection code Home library Current library Shelving location Full call number Accession Number Koha item type Public note
Reference KAUAET KAUAET Reference 631.7587 ANJ/DE T 345 Theses M.Tech Thesis
free website counter